| 000 | 01070njm a2200289Ia 4500 | ||
|---|---|---|---|
| 001 | 24186 | ||
| 003 | IT-RoPAU | ||
| 005 | 20220918181208.0 | ||
| 008 | 131025s9999 xx 000 0 und d | ||
| 040 | _aIT-RoPAU | ||
| 040 | _cIT-RoPAU | ||
| 999 |
_c103607 _d103607 |
||
| 999 | _bn.d. | ||
| 100 |
_aLiszt Franz _99432 |
||
| 100 |
_eAutore musica _99433 |
||
| 100 |
_gCodice autore musica SPICS: 10789 _99434 |
||
| 245 | _a"Rapsodie ungheresi n. 1, 2, 6 "Carnevale di Pesth", e 12 | ||
| 250 | _a1a ed. | ||
| 260 | _aITALIA | ||
| 260 | _bEMI - LA VOCE DEL PADRONE | ||
| 300 | _aDISCO | ||
| 300 | _c44 minuti (Testo: pag.) | ||
| 500 | _aMusica classica, sinfonica. Arrangiamento. | ||
| 505 | _aRapsodia ungherese n. 02 (arr. Muller-Berghaus) - Rapsodia ungherese n. 12 (arr. Liszt e Doppler) - Rapsodia ungherese n. 01 (arr. Liszt e Doppler) - Rapsodia ungherese n. 06 "Carnaval de Pest" (arr. Liszt-Doppler) | ||
| 511 | _aOrchestra sinfonica della Radio Bavarese diretta da Ludwig Leopold | ||
| 650 |
_aARRANGIAMENTO [DISCHI] _eCodice MATERIA SPICS: 9950 _99435 |
||
| 942 |
_cMD _2ddc |
||